[Event "Open A"]
[Site "Voronezh RUS"]
[Date "2006.06.21"]
[Round "9"]
[White "Filippov,Vl"]
[Black "Chekhov,S"]
[Result "0-1"]
[WhiteElo "2105"]
[BlackElo "2099"]

1.Nf3 c5 2.c4 Nf6 3.Nc3 b6 4.g3 Bb7 5.Bg2 e6 6.O-O Be7 7.d3 O-O 8.e4 d6 9.Re1 Nbd7
10.Bf4 a6 11.h3 Rc8 12.Rc1 Nb8 13.g4 Nfd7 14.Bg3 Nc6 15.d4 cxd4 16.Nxd4 Nce5
17.b3 Nc5 18.Bf1 Bh4 19.Re3 Bxg3 20.Rxg3 Nxe4 21.Nxe4 Bxe4 22.Qe2 Bb7 23.Qe3 Qc7
24.Rd1 Ng6 25.Bd3 Rfe8 26.h4 Nxh4 27.Bxh7+ Kxh7 28.Rh3 Qe7 29.g5 Kg6 30.Re1 Rc5
31.f4 Nf5 32.Qd3 Qd8 33.Kf2 Rh8 34.Rhh1 Bxh1  0-1

[Event "Open"]
[Site "Teplice CZE"]
[Date "2006.06.22"]
[Round "7"]
[White "Trapl,J"]
[Black "Bujak,M"]
[Result "0-1"]
[WhiteElo "2372"]
[BlackElo "2198"]

1.Nf3 Nf6 2.c4 g6 3.Nc3 c5 4.e4 d6 5.d4 cxd4 6.Nxd4 Bg7 7.Be2 Nc6 8.Nc2 O-O
9.O-O a6 10.Be3 b6 11.f3 Bb7 12.Qd2 Re8 13.Rad1 Rc8 14.b3 Qc7 15.Nd5 Nxd5
16.exd5 Nb8 17.Nd4 e5 18.dxe6 fxe6 19.Rc1 Rcd8 20.Qe1 Nd7 21.Qf2 Qb8 22.Rfd1 Ba8
23.Rd2 e5 24.Nc2 b5 25.Nb4 Nc5 26.cxb5 axb5 27.Qf1 e4 28.Nd5 Re5 29.Qd1 Nd3
30.Bxd3 exd3 31.Rxd3 Bxd5 32.Bd4 Bb7 33.Bxe5 Bxe5 34.Rc2 b4 35.Rf2 Qa7 36.f4 Bxf4
37.Qe2 Be5 38.Re3 Rc8  0-1

[Event "34th World Open"]
[Site "Philadelphia USA"]
[Date "2006.06.30"]
[Round "3"]
[White "Ehlvest,J"]
[Black "Coleman,T"]
[Result "1-0"]
[WhiteElo "2607"]
[BlackElo "2215"]

1.Nf3 c5 2.c4 Nf6 3.Nc3 e6 4.e4 d6 5.d4 cxd4 6.Nxd4 a6 7.Be3 b6 8.f3 Bb7
9.Be2 Be7 10.Qd2 Qc7 11.Rc1 O-O 12.O-O Nbd7 13.g4 Rfd8 14.g5 Ne8 15.f4 Nc5
16.Bf3 a5 17.f5 Qd7 18.fxe6 fxe6 19.Bg4 Nc7 20.Nd5 Nxe4 21.Qe2 Bxg5 22.Nxc7 Qxc7
23.Bxe6+ Kh8 24.Rf7 Qb8 25.Rcf1 d5 26.Rxg7 Kxg7 27.Rf7+ Kg6 28.Qg4 Qe5 29.Nf3  1-0

[Event "II Balazs-Diak Cup U-18"]
[Site "Balatonlelle HUN"]
[Date "2006.07.01"]
[Round "1"]
[White "Berki,F"]
[Black "Szabo,Kr1"]
[Result "0-1"]
[WhiteElo "2046"]
[BlackElo "2469"]

1.c4 c5 2.Nf3 Nf6 3.Nc3 e6 4.d4 cxd4 5.Nxd4 Bb4 6.Bd2 O-O 7.g3 Nc6 8.e3 d5
9.cxd5 Nxd4 10.exd4 exd5 11.f3 Bf5 12.Kf2 Rc8 13.Rc1 Re8 14.Bb5 Re6 15.Ba4 h6
16.Bb3 Rec6 17.Ne2 Rxc1 18.Bxc1 b5 19.Bd2 Bf8 20.Re1 Qb6 21.Be3 a5 22.a3 a4
23.Ba2 b4 24.Qxa4 bxa3 25.Bb1 Bd7 26.Qd1 Qxb2 27.Bd3 Ra8 28.Qa1 Qb3 29.Nc1 Qa4
30.Qa2 Bb5 31.Bxb5 Qxb5 32.Re2 Nd7 33.Qb3 Qxb3 34.Nxb3 a2 35.Na1 Nb6 36.h3 Nc4
37.Bc1 g6 38.Bb2 Bg7 39.Bc3 Ra3  0-1

[Event "II Open"]
[Site "Sort ESP"]
[Date "2006.07.01"]
[Round "6"]
[White "Suba,M"]
[Black "Roeder,M"]
[Result "1/2-1/2"]
[WhiteElo "2527"]
[BlackElo "2403"]

1.c4 Nf6 2.Nc3 c5 3.Nf3 e6 4.d4 cxd4 5.Nxd4 Nc6 6.a3 Be7 7.Bg5 O-O 8.e3 Qa5
9.Nb5 d5 10.b4 Qd8 11.cxd5 Nxd5 12.Bxe7 Qxe7 13.Nxd5 exd5 14.Nd4 Qg5 15.h4 Qe5
16.Be2 Re8 17.Ra2 a5 18.bxa5 Nxd4 19.exd4 Qe4 20.O-O Qxh4 21.Bb5 Re6 22.g3 Qd8
23.Rc2 Bd7 24.Rc5 Bxb5 25.Rxb5 Rxa5 26.Rxb7 Rxa3 27.Qh5 g6 28.Qh6 Rb6 29.Rxb6 Qxb6
30.Re1 Ra8 31.Qf4 Kg7 32.Qe5+ Qf6 33.Qxd5 Rd8 34.Qe5 Rxd4 35.Kg2 Qxe5 36.Rxe5 h5
37.Re7 g5 38.Ra7 Kg6 39.Ra6+ f6 40.Ra8 h4 41.gxh4 gxh4 42.Rg8+ Kf5 43.Rh8 Rg4+
44.Kf3 Rf4+ 45.Kg2 Ra4 46.Kh3 Ra1 47.Kg2 Ra4 48.Kh3 Ra1  1/2-1/2

[Event "34th World Open"]
[Site "Philadelphia USA"]
[Date "2006.07.02"]
[Round "5"]
[White "Hansen,LB"]
[Black "Ftacnik,L"]
[Result "1-0"]
[WhiteElo "2560"]
[BlackElo "2597"]

1.Nf3 Nf6 2.c4 c5 3.Nc3 e6 4.e3 Nc6 5.d4 d5 6.cxd5 exd5 7.Be2 cxd4 8.Nxd4 Bd6
9.O-O O-O 10.Bf3 Be5 11.Qd3 Nb4 12.Qb1 Bxd4 13.exd4 h6 14.Bf4 Bg4 15.Qd1 Bxf3
16.Qxf3 Re8 17.Rae1 Qb6 18.Be5 Nd7 19.Bxg7 Qg6 20.Be5 Nd3 21.Re2 N7xe5 22.dxe5 Rad8
23.Nxd5 Nxe5 24.Nf6+ Kh8 25.Qf4 Rd4 26.Qxd4 Nf3+ 27.Kh1  1-0

[Event "35th TCh-GRE"]
[Site "Ermioni GRE"]
[Date "2006.07.03"]
[Round "1"]
[White "Haritakis,T"]
[Black "Oreopoulos,K"]
[Result "0-1"]
[WhiteElo "2294"]
[BlackElo "2241"]

1.Nf3 Nf6 2.c4 c5 3.Nc3 d5 4.cxd5 Nxd5 5.d4 e6 6.e3 a6 7.Bd3 Nc6 8.O-O Be7
9.a3 cxd4 10.exd4 Nxc3 11.bxc3 Bf6 12.Re1 O-O 13.Qc2 h6 14.Qe2 Re8 15.Bf4 Bd7
16.Rad1 Ne7 17.Ne5 Nd5 18.Bd2 b5 19.Qe4 g6 20.Nxg6 fxg6 21.Qxg6+ Bg7 22.Bxh6 Qf6
23.Qh7+ Kf7 24.Bxg7 Qxg7 25.Qh5+ Kf8 26.Be4 Rac8 27.Rd3 Nf6 28.Qh4 Ke7 29.Rf3 Rh8
30.Qf4 Rcg8 31.Rg3 Qh6 32.Qxh6 Rxh6 33.Rxg8 Nxg8 34.Bd3 Nf6 35.g3 Kd6 36.c4 Rh8
37.h4 Rg8 38.Re5 Rg4 39.cxb5 Rxd4 40.Re3 axb5 41.Be2 Be8 42.f3 Rd2 43.Kf2 Nd5
44.Rb3 Rc2 45.Ke1 Kc5 46.Bd3 Rc1+ 47.Kf2 Ra1 48.h5 Ra2+ 49.Be2 Bxh5 50.Rxb5+ Kd4
51.Ra5 Nc3 52.Rxh5 Rxe2+ 53.Kf1 Ke3 54.f4 Ne4 55.Re5 Kf3 56.a4 Nxg3+  0-1

[Event "34th World Open"]
[Site "Philadelphia USA"]
[Date "2006.07.04"]
[Round "8"]
[White "Izoria,Z"]
[Black "Fedorowicz,J"]
[Result "1-0"]
[WhiteElo "2647"]
[BlackElo "2497"]

1.Nf3 Nf6 2.c4 e6 3.Nc3 c5 4.g3 b6 5.Bg2 Bb7 6.O-O d6 7.b3 Nbd7 8.Bb2 a6
9.e3 Be7 10.d4 cxd4 11.Nxd4 Bxg2 12.Kxg2 Qc7 13.f4 Qb7+ 14.Qf3 Qxf3+ 15.Kxf3 h5
16.Rad1 Rc8 17.Rd2 g6 18.Rfd1 Rg8 19.e4 g5 20.f5 g4+ 21.Kg2 e5 22.Nc2 Nc5
23.Re2 h4 24.Nb4 Rh8 25.Nbd5 Rc6 26.Ba3 Nxd5 27.Nxd5 Rh6 28.Bxc5 dxc5 29.Ne3  1-0

[Event "Open"]
[Site "Kavala GRE"]
[Date "2006.07.05"]
[Round "3"]
[White "Szuhanek,R"]
[Black "Andersson,C"]
[Result "1/2-1/2"]
[WhiteElo "2452"]
[BlackElo "2252"]

1.Nf3 Nf6 2.c4 c5 3.Nc3 d5 4.cxd5 Nxd5 5.d4 e6 6.e4 Nxc3 7.bxc3 cxd4 8.cxd4 Nc6
9.Bc4 Bb4+ 10.Bd2 Bxd2+ 11.Qxd2 Qa5 12.Rc1 Qxd2+ 13.Kxd2 O-O 14.Ke3 Bd7 15.Rhd1 Rac8
16.Bb3 Na5 17.Ne5 Bb5 18.g4 Nxb3 19.axb3 f6 20.Nc4 Rfd8 21.f4 Rc6 22.Na5 Rb6
23.f5 exf5 24.gxf5 Ba6 25.Rc3 Rb5 26.Nc4 Rb4 27.d5 Bxc4 28.bxc4 Rc8 29.c5 Kf8
30.Rd4 Rb2 31.h3 Ke7 32.Ra4 a6 33.Kd3 Rh2 34.Kd4 Rd2+ 35.Ke3 Rh2 36.Kf4 Rb2
37.Rac4 g5+ 38.fxg6 hxg6 39.Rd4 Kd7 40.Rdc4 b5 41.cxb6 Rxc4 42.Rxc4 Rxb6
43.e5 fxe5+ 44.Kxe5 Rb3 45.h4 Re3+ 46.Kf6 Rg3 47.Rc6 a5 48.Ra6 Rg4 49.Ke5 Rxh4
50.Ra7+ Kc8 51.Rxa5 g5 52.Ra8+ Kd7 53.Rg8 g4 54.Rg7+ Ke8 55.d6 Rh1 56.Rg8+ Kd7
57.Rg7+ Kd8 58.Ke6 Re1+ 59.Kd5 Rd1+  1/2-1/2

[Event "35th TCh-GRE"]
[Site "Ermioni GRE"]
[Date "2006.07.07"]
[Round "5"]
[White "Logothetis,S"]
[Black "Darmarakis,M"]
[Result "1-0"]
[WhiteElo "2321"]
[BlackElo "2174"]

1.Nf3 Nf6 2.c4 c5 3.Nc3 b6 4.g3 Bb7 5.Bg2 d6 6.O-O Nbd7 7.d4 cxd4 8.Qxd4 g6
9.Be3 Bg7 10.Rfd1 O-O 11.Qh4 Rc8 12.Rac1 a6 13.b3 Rc7 14.Ne1 Qb8 15.Bh6 Bxh6
16.Qxh6 b5 17.Nd5 Nxd5 18.cxd5 a5 19.Qe3 Nc5 20.Nf3 b4 21.h4 Qa8 22.Qh6 f6
23.Nd4 e5 24.Nb5 Qd8 25.Nxc7 Qxc7 26.Rc2 Bc8 27.Rdc1 Bd7 28.Qe3 Rc8 29.Kh2 a4
30.bxa4 Qa5 31.Bh3 Bxh3 32.Kxh3 Qxa4 33.Kg2 Rb8 34.h5 g5 35.h6 b3 36.axb3 Rxb3
37.Rc3 Rb4 38.Rxc5 dxc5 39.Qxc5 Rg4 40.f3 Rd4 41.Qe7  1-0

[Event "35th TCh-GRE"]
[Site "Ermioni GRE"]
[Date "2006.07.07"]
[Round "5"]
[White "Bizopoulos,A"]
[Black "Pavlidis,Ant"]
[Result "1/2-1/2"]
[WhiteElo "2048"]
[BlackElo "2101"]

1.Nf3 Nf6 2.c4 c5 3.Nc3 d5 4.cxd5 Nxd5 5.g3 Nb4 6.d3 N4c6 7.Bg2 e5 8.O-O Be7
9.a3 Be6 10.Ne4 Bd5 11.Nc3 Be6 12.Ne4 Bd5 13.Qc2 Nd7 14.b3 f6 15.Be3 Rc8
16.Rfc1 O-O 17.Qb1 Nd4 18.Bxd4 cxd4 19.Ned2 Nc5 20.a4 Qd7 21.Ne1 Bxg2 22.Kxg2 Rc6
23.b4 Ne6 24.Qb3 Rfc8 25.Rc4 Rxc4 26.dxc4 Qc6+ 27.f3 f5 28.c5 Bf6 29.Nd3 Kh8
30.b5 Qd7 31.Rc1 Nd8 32.Nb4 Be7 33.c6 Qd6 34.Rc4 bxc6 35.Nxc6 Bg5 36.Nxd8 Rxd8
37.Rc6 Qd7 38.Nc4 Bf6 39.Nd6 Rf8 40.Qc4 h6 41.Qc5 Rd8 42.Rc8 Kh7 43.Rxd8 Qxd8
44.Nxf5 d3 45.exd3 Qxd3 46.Ne3 Qe2+ 47.Kg1 Qxf3 48.Qxa7 e4 49.Qc5 g6 50.Qc7+ Kg8
51.Qf4 Qe2 52.Qxe4 Qe1+ 53.Kg2 Qe2+ 54.Kg1 Qe1+  1/2-1/2

[Event "TESPO GM"]
[Site "Brno CZE"]
[Date "2006.07.08"]
[Round "10"]
[White "Kadziolka,B"]
[Black "Cernousek,L"]
[Result "1/2-1/2"]
[WhiteElo "2359"]
[BlackElo "2422"]

1.Nf3 c5 2.c4 Nf6 3.Nc3 d5 4.cxd5 Nxd5 5.e4 Nxc3 6.dxc3 Qxd1+ 7.Kxd1 Nc6
8.Be3 e6 9.Be2 Bd6 10.Kc2 b6 11.Rad1 Ke7 12.Nd2  1/2-1/2

[Event "Open"]
[Site "Kavala GRE"]
[Date "2006.07.08"]
[Round "6"]
[White "Stefanova,A"]
[Black "Kulicov,O"]
[Result "1/2-1/2"]
[WhiteElo "2520"]
[BlackElo "2402"]

1.Nf3 c5 2.c4 Nf6 3.Nc3 g6 4.e4 Nc6 5.d4 cxd4 6.Nxd4 Nxd4 7.Qxd4 d6 8.Be2 Bg7
9.Be3 O-O 10.Qd2 Be6 11.Rc1 Qa5 12.f3 Rfc8 13.b3 a6 14.Na4 Qxd2+ 15.Kxd2 Nd7
16.g4 Rab8 17.h4 h6 18.Nc3 Ne5 19.Rhg1 Nc6 20.Bb6 Bd4 21.Bxd4 Nxd4 22.f4 Bd7
23.Nd5 Re8 24.Ke3 Nxe2 25.Kxe2 Bc6 26.Rgd1 Kf8 27.Ke3 Bxd5 28.Rxd5 Rec8 29.h5 Rc6
30.Rh1 Kg7 31.g5 Rh8 32.hxg6 fxg6 33.Rxh6 Rxh6 34.gxh6+ Kxh6 35.Kd4 e6 36.Ra5 Kg7
37.b4 Kf6 38.b5 axb5 39.cxb5 Rc5 40.a4 Rc8 41.Ra7 b6 42.e5+ dxe5+ 43.fxe5+ Kg5
44.Re7 Kf5 45.Rf7+ Kg5 46.Rf6 Re8 47.Kc4 Kh5 48.a5 bxa5 49.b6 g5 50.Kb5 g4
51.Kxa5 g3 52.Rf7 Rg8 53.Rf1 g2 54.Rg1 Kh4 55.b7 Kg3 56.Kb6 Kf2 57.Ra1 g1=Q
58.Rxg1 Rxg1 59.Kc7 Rb1 60.Kd7 Ke3 61.Kxe6 Ke4 62.Kd6 Rxb7 63.e6 Rb6+ 64.Kd7 Rxe6  1/2-1/2

[Event "ch-SWE"]
[Site "Gothenburg SWE"]
[Date "2006.07.09"]
[Round "8"]
[White "Agrest,E"]
[Black "Berg,E"]
[Result "0-1"]
[WhiteElo "2569"]
[BlackElo "2589"]

1.Nf3 Nf6 2.c4 c5 3.Nc3 e6 4.d4 cxd4 5.Nxd4 a6 6.e4 d6 7.Be2 Qc7 8.O-O Be7
9.Be3 O-O 10.Qd2 b6 11.Rfc1 Bb7 12.f3 Nbd7 13.a4 Rac8 14.a5 bxa5 15.Nb3 Qb8
16.Nxa5 Ba8 17.Kh1 Rfd8 18.Bf1 Ne5 19.Qf2 Nfd7 20.Rcb1 Rf8 21.Qg3 f5 22.exf5 Rxf5
23.Be2 Rcf8 24.f4 Ng6 25.Bg4 Nh4 26.Bh3 Nc5 27.Bd4 Ng6 28.Bxf5 Rxf5 29.b4 Ne4
30.Nxe4 Bxe4 31.Re1 Qa8 32.Re2 e5 33.Bc3 Nxf4 34.Rxe4 Qxe4 35.Qf3 Qxf3 36.gxf3 Ne2
37.Bd2 Rxf3 38.Nc6 Bh4 39.Rxa6 Rd3 40.Ra2 e4 41.b5 e3 42.Bxe3 Rxe3 43.Rb2 Bf6
44.Rb1 Nd4 45.Nb4 Re2 46.Kg1 Nf3+  0-1

[Event "GM Scheveningen"]
[Site "Taiyuan CHN"]
[Date "2006.07.11"]
[Round "2"]
[White "Bu Xiangzhi"]
[Black "Timofeev,Arty"]
[Result "1/2-1/2"]
[WhiteElo "2664"]
[BlackElo "2657"]

1.Nf3 Nf6 2.c4 c5 3.Nc3 d5 4.cxd5 Nxd5 5.d4 Nxc3 6.bxc3 g6 7.Bg5 Bg7 8.Qd2 cxd4
9.cxd4 Nc6 10.e3 O-O 11.Rc1 h6 12.Bh4 Be6 13.Bd3 Qd6 14.O-O Rac8 15.Rb1 Qd5
16.e4 Qxa2 17.d5 Qxd2 18.Nxd2 Ne5 19.Bxe7 Rfe8 20.Rxb7 Nxd3 21.dxe6 fxe6
22.Rxa7 Rc2 23.Nf3 Re2 24.g3 Rc8 25.Rd7 Ne5 26.Nxe5 Bxe5 27.Rfd1 Rxe4 28.Bd6 Bxd6
29.R1xd6 Rf8 30.Kf1 Rf7 31.Rd8+ Rf8 32.f3 Re5 33.f4 Re4 34.Kf2 Rxd8 35.Rxd8+ Kf7
36.Kf3  1/2-1/2

[Event "XXIV Andorra Open"]
[Site "Andorra la Vella AND"]
[Date "2006.07.12"]
[Round "5"]
[White "Khenkin,I"]
[Black "Gupta,Ab"]
[Result "1/2-1/2"]
[WhiteElo "2586"]
[BlackElo "2424"]

1.Nf3 Nf6 2.c4 c5 3.Nc3 d5 4.cxd5 Nxd5 5.g3 Nc6 6.Bg2 g6 7.Qb3 Nc7 8.Ng5 e6
9.Bxc6+ bxc6 10.d3 Be7 11.Nf3 Nd5 12.Bh6 Qb6 13.O-O Qxb3 14.axb3 f6 15.Be3 e5
16.Rfc1 Nxe3 17.fxe3 Be6 18.Nd2 Kd7 19.Nce4 Rhb8 20.Nxc5+ Bxc5 21.Rxc5 Bxb3
22.Rca5 Bd5 23.Rxa7+ Rxa7 24.Rxa7+ Kd6 25.b3 h5 26.Rg7 g5 27.Rh7 Ke6 28.Rxh5 Bxb3
29.Rh6 Bd5 30.e4 Bb3 31.Rh7 Kd6 32.h4 gxh4 33.gxh4 Be6 34.Kf2 Rg8 35.h5 Bh3
36.h6 Rg2+ 37.Kf3 Rg6 38.Nc4+ Ke6 39.Ne3 Kd6 40.Nc4+ Ke6 41.Ne3 Kd6 42.Nf5+ Bxf5
43.exf5 Rg5 44.e4 Rh5 45.Kg4 Rh1 46.Rh8 Ke7 47.h7 Kf7 48.Rc8 Rxh7 49.Rc7+ Kg8
50.Rxc6 Rf7 51.Kf3 Kg7 52.Ke3 Ra7 53.Kd2 Ra3 54.Rc7+ Kh6 55.Rc3 Ra6 56.Rc7 Ra3
57.Rf7 Ra6 58.Kc3 Kg5 59.Re7 Kf4 60.Re6 Ra3+ 61.Kc4 Ra4+ 62.Kc5 Ra3 63.Rd6 Ke3
64.Kc4 Ra4+ 65.Kb3 Ra8 66.Kb4 Rc8 67.Kb3 Rc7 68.Kb4 Rc8 69.Kb3  1/2-1/2

[Event "Open A"]
[Site "Banska Stiavnica SVK"]
[Date "2006.07.13"]
[Round "6"]
[White "Tibensky,R"]
[Black "Talla,V"]
[Result "1-0"]
[WhiteElo "2385"]
[BlackElo "2426"]

1.c4 Nf6 2.Nc3 c5 3.Nf3 e6 4.e3 b6 5.d4 Bb7 6.Bd3 Be7 7.O-O O-O 8.d5 d6 9.e4 exd5
10.cxd5 Nbd7 11.h3 Ne8 12.Bf4 Bf6 13.Re1 Qe7 14.Bf1 g6 15.Bh2 Bg7 16.Kh1 Rd8
17.Nd2 f6 18.a4 a6 19.Nc4 Rb8 20.f4 Ba8 21.Bg3 Rf7 22.Be2 Nc7 23.Bg4 b5 24.axb5 axb5
25.Na5 b4 26.Nb1 Kh8 27.Nd2 Re8 28.Ndc4 Qf8 29.Bxd7 Rxd7 30.Nb6 Rde7 31.Qd3 Rb8
32.Nac4 Qd8 33.f5 gxf5 34.Bxd6 Rxe4 35.Rxe4 fxe4 36.Qg3  1-0

[Event "21st North Sea Cup"]
[Site "Esbjerg DEN"]
[Date "2006.07.13"]
[Round "7"]
[White "Szuhanek,R"]
[Black "Djuric,S"]
[Result "1/2-1/2"]
[WhiteElo "2452"]
[BlackElo "2466"]

1.Nf3 Nf6 2.c4 c5 3.Nc3 b6 4.e4 d6 5.d4 cxd4 6.Nxd4 Bb7 7.f3 e6 8.Be3 Be7
9.Be2 O-O 10.O-O a6 11.Qd2 Nbd7 12.Rfd1  1/2-1/2

[Event "XXIV Andorra Open"]
[Site "Andorra la Vella AND"]
[Date "2006.07.14"]
[Round "7"]
[White "Flores,Di"]
[Black "Pogorelov,R"]
[Result "1-0"]
[WhiteElo "2514"]
[BlackElo "2395"]

1.c4 Nf6 2.Nc3 e6 3.Nf3 c5 4.g3 b6 5.Bg2 Bb7 6.O-O Be7 7.d3 d6 8.e4 a6 9.Ng5 Qc7
10.f4 h6 11.Nh3 Nc6 12.g4 Nd4 13.Ne2 Nd7 14.Nxd4 cxd4 15.Rb1 O-O 16.g5 hxg5
17.Nxg5 Bxg5 18.fxg5 Ne5 19.Bf4 g6 20.Bxe5 dxe5 21.h4 Kg7 22.h5 gxh5 23.Rf6 Rh8
24.Qf3 Bc8 25.Rf1 Ra7 26.Qg3 h4 27.Rxf7+ Qxf7 28.Qxe5+ Kg8 29.Rxf7 Rxf7 30.g6 Rb7
31.Kh2 h3 32.Bf3 Bd7 33.Qf6 Bc8 34.Bg4 Ra7 35.Bxe6+ Bxe6 36.Qxe6+ Kf8 37.Qe5  1-0

[Event "Open A"]
[Site "Banska Stiavnica SVK"]
[Date "2006.07.14"]
[Round "7"]
[White "Grecescu,G"]
[Black "Tibensky,R"]
[Result "0-1"]
[WhiteElo "2395"]
[BlackElo "2385"]

1.c4 c5 2.Nf3 Nf6 3.Nc3 e6 4.d4 cxd4 5.Nxd4 a6 6.e4 d6 7.Be2 Be7 8.O-O O-O
9.Be3 b6 10.Qd2 Bb7 11.f3 Nc6 12.Rfd1 Qc7 13.Rac1 Ne5 14.b3 Rac8 15.Qe1 Qb8
16.g4 Nc6 17.Nc2 Ba8 18.g5 Nd7 19.f4 Rfe8 20.Bf1 Nc5 21.b4 Nd7 22.a3 Nf8
23.Qf2 Bd8 24.Ne1 Ne7 25.Bd3 Bc7 26.h4 Rcd8 27.Ne2 Qb7 28.Ng3 Rd7 29.Bf1 a5
30.h5 axb4 31.axb4 Nc6 32.b5 Ne7 33.h6 g6 34.Qb2 e5 35.f5 gxf5 36.exf5 Kh8
37.Bg2 Qb8 38.Qf2 Bxg2 39.Nxg2 Red8 40.Nh5 d5 41.cxd5 Rxd5 42.Rxd5 Nxd5 43.Rf1 Qc8
44.g6 fxg6 45.fxg6 Nxg6 46.Qf7 Rd7 47.Qe6 Rd8 48.Qf7 Rd7 49.Qe6 Rd8 50.Qxc8 Rxc8
51.Bg5 Bd6 52.Rf7 Rf8 53.Rd7 Bc5+ 54.Kh2 Rf5 55.Rxd5 Rxg5 56.Nf6 Be7 57.Nd7 Rxg2+
58.Kxg2 Nf4+ 59.Kf3 Nxd5 60.Nxe5 Kg8 61.Ke4 Nc3+ 62.Kf5 Nxb5 63.Ke6 Bg5 64.Nc4 Nc7+
65.Kd7 b5 66.Nd6 Bf4 67.Ne4 b4  0-1

[Event "3rd ACT"]
[Site "Amsterdam NED"]
[Date "2006.07.15"]
[Round "1"]
[White "Timman,T"]
[Black "Michiels,B"]
[Result "1/2-1/2"]
[WhiteElo "2260"]
[BlackElo "2455"]

1.Nf3 c5 2.c4 Nf6 3.Nc3 b6 4.g3 Bb7 5.Bg2 e6 6.O-O Be7 7.Re1 d6 8.e4 Nc6
9.d4 cxd4 10.Nxd4 Nxd4 11.Qxd4 O-O 12.b3 Qc7 13.Ba3 Rfd8 14.Nb5 Qc6 15.Qd3 a6
16.Nd4 Qc7 17.Rac1 Bf8 18.Bb2 Rac8 19.f4 e5 20.Nf5 b5 21.Ne3 Qb6 22.Kh1 Re8
23.f5 g6 24.Rc2 bxc4 25.Nxc4 Qc6 26.fxg6 hxg6 27.Qf3 Bg7 28.Rd2 Rcd8 29.Na5 Qb6
30.Nxb7 Qxb7 31.Bf1 d5 32.exd5 e4 33.Qg2 Rxd5 34.Rxd5 Nxd5 35.Rxe4 Rxe4 36.Qxe4 Bxb2
37.Bc4 Kg7 38.Qxd5 Qxd5+ 39.Bxd5 f5 40.b4 Ba3 41.Bc4 Bxb4 42.Bxa6  1/2-1/2

[Event "ch-Paris"]
[Site "Paris FRA"]
[Date "2006.07.16"]
[Round "9"]
[White "Marzolo,C"]
[Black "Dourerassou,J"]
[Result "1-0"]
[WhiteElo "2440"]
[BlackElo "2336"]

1.Nf3 Nf6 2.c4 c5 3.Nc3 d5 4.cxd5 Nxd5 5.e4 Nb4 6.Bc4 Nd3+ 7.Ke2 Nf4+ 8.Kf1 Ne6
9.b4 g6 10.bxc5 Bg7 11.Bb2 Nc6 12.d4 Ncxd4 13.Nd5 Nxf3 14.Bxg7 Nxg7 15.Qxf3 Be6
16.Qb3 O-O 17.Qxb7 Bxd5 18.Qxd5 Qc7 19.Qd4 Rac8 20.Rc1 Kh8 21.Bb3 e5 22.Qe3 f5
23.g3 f4 24.Qc3 Qd7 25.f3 fxg3 26.hxg3 Qg4 27.Kg2 Qg5 28.Rh4 Nh5 29.Rg4 Qe7
30.c6 Nf6 31.Rg5 Rfe8 32.Qc5 Qc7 33.Rd1 Kg7 34.f4 exf4 35.Qc3 f3+ 36.Kxf3 Rxe4
37.Bd5 Re7 38.Kg2 Re2+ 39.Kf1 Rce8 40.Bg2 R8e7 41.Rb5 Qc8 42.Rd7 Qa6 43.Rxe7+ Rxe7
44.Qa5 Qxa5 45.Rxa5 Rc7 46.Ke2 Kf7 47.Kd3 Ke6 48.Kc4 Kd6 49.Ra3 Re7 50.Rd3+ Kc7
51.Rb3 Ne8 52.Rb7+ Kd6 53.Rb8 Kc7 54.Ra8 Kb6 55.a4 Nd6+ 56.Kd5 Re8 57.a5+ Kxa5
58.Rxa7+ Kb6 59.Rxh7 Nf5 60.Rb7+ Ka5 61.c7 Ne7+ 62.Ke6 Nc8+ 63.Kf6 Re2 64.Rb8 Rxg2
65.Rxc8 Kb6 66.Rg8 Kxc7 67.Rxg6 Kd7 68.Kf7 Rf2+ 69.Rf6 Rg2 70.Rf3 Kd6 71.Kf6 Kd7
72.Re3 Kd6 73.Rd3+ Kc5 74.Ke5 Kc4 75.Re3 Rg1 76.Re4+ Kd3 77.g4 Ra1 78.Rb4  1-0

[Event "Inautomarket Open"]
[Site "Minsk BLR"]
[Date "2006.07.17"]
[Round "8"]
[White "Petukhov,D"]
[Black "Zhigalko,A"]
[Result "0-1"]
[WhiteElo "2350"]
[BlackElo "2542"]

1.Nf3 Nf6 2.c4 c5 3.Nc3 e6 4.g3 b6 5.Bg2 Bb7 6.O-O Be7 7.Re1 d6 8.e4 a6 9.d4 cxd4
10.Nxd4 Qc7 11.Be3 Nbd7 12.Rc1 Rc8 13.b3 O-O 14.Qe2 Rfe8 15.f3 Bf8 16.Qf2 Qb8
17.g4 g6 18.Nde2 Ne5 19.Red1 d5 20.exd5 exd5 21.Bxb6 dxc4 22.Bd4 Nd3 23.Qh4 Be7
24.Rb1 Nh5 25.g5 h6 26.bxc4 Bxg5 27.Qh3 Ndf4 28.Nxf4 Nxf4 29.Qd7 Re7 30.Qa4 Nxg2
31.Kxg2 Qf4 32.Rxb7 Rxb7 33.Ne4 Rcb8 34.Qc2 f5 35.Nf2 Kh7 36.c5 Rc8 37.Nh3 Qc7
38.Nxg5+ hxg5 39.Qd2 Qd8 40.Qe2 Qe8 41.Qxa6 Rd7 42.Qf6 Qe2+  0-1

[Event "6th Open"]
[Site "Saint Chely d'Aubrac FRA"]
[Date "2006.07.17"]
[Round "3"]
[White "Duffau,P"]
[Black "Weck,M"]
[Result "1-0"]
[WhiteElo "2040"]
[BlackElo "1803"]

1.Nf3 Nf6 2.c4 c5 3.Nc3 e6 4.d4 b6 5.d5 d6 6.e4 Be7 7.Be2 O-O 8.O-O a6 9.a4 exd5
10.cxd5 Ne8 11.Re1 f5 12.e5 dxe5 13.Nxe5 Bf6 14.Nc4 Nd6 15.Bf4 Be7 16.Qd3 Nxc4
17.Qxc4 Bd6 18.Bf3 Kh8 19.Rad1 Ra7 20.Rd2 g5 21.Be5+ Bxe5 22.Rxe5 Re7 23.Rxe7 Qxe7
24.Re2 Qd6 25.g3 Bd7 26.Re1 f4 27.g4 Qf6 28.a5 Qh6 29.Ne4 Re8 30.Qc3+ Qg7
31.Qxg7+ Kxg7 32.axb6 Re5 33.Rd1 Bxg4 34.Bxg4 Rxe4 35.d6 Rb4 36.d7 Nc6 37.Rd6 Nd8
38.Bf3 Rxb2 39.b7 a5 40.Ra6 c4 41.Ra8 Rb1+ 42.Kg2 c3 43.Rxd8 c2 44.Rc8 a4
45.d8=Q c1=Q 46.Qxg5+ Kf7 47.Bd5+  1-0

[Event "Blue Sevan"]
[Site "Sevan ARM"]
[Date "2006.07.20"]
[Round "8"]
[White "Janjgava,L"]
[Black "Melkumyan,H"]
[Result "1/2-1/2"]
[WhiteElo "2479"]
[BlackElo "2360"]

1.Nf3 Nf6 2.c4 c5 3.Nc3 e6 4.g3 b6 5.Bg2 Bb7 6.O-O Be7 7.d4 cxd4 8.Qxd4 d6
9.Rd1 a6 10.Bg5 Nbd7 11.Qd2 O-O 12.Bf4 Ne8 13.e4 Qc7 14.Rac1 Rd8 15.Qe2 Nef6
16.e5 Bxf3 17.exd6 Bxd6 18.Bxd6 Bxe2 19.Bxc7 Rc8 20.Nxe2 Rxc7 21.Rd6 Rfc8
22.b3 Ne8 23.Rd2 Kf8 24.Rcd1 Ke7 25.Nd4 Nb8 26.f4 g6 27.Kf2 Nf6 28.h3 Rd7
29.Nc2 Rxd2+ 30.Rxd2 Ne8 31.Nd4 Nd6 32.g4 Rc5 33.h4 h5 34.g5 Nf5 35.Nxf5+ Rxf5
36.Ke3 Rc5 37.Rc2 a5 38.a3 Rc7 39.Bf1 Na6 40.Rb2 Nc5 41.b4 Nb7 42.Bd3 Nd6
43.Rc2 axb4 44.axb4 Ra7 45.c5 bxc5 46.bxc5 Ne8 47.Rb2 Nc7 48.Be4 Ra5 49.Kd4 e5+
50.Kxe5 Rxc5+ 51.Kd4 Ne6+ 52.Ke3 Rc3+ 53.Kd2 Rh3 54.Rb7+ Ke8 55.f5 Rh2+ 56.Ke3 Rh3+
57.Kd2 Rh2+ 58.Ke3 Rh3+  1/2-1/2

[Event "3rd ACT"]
[Site "Amsterdam NED"]
[Date "2006.07.21"]
[Round "7"]
[White "Ftacnik,L"]
[Black "Michiels,B"]
[Result "1-0"]
[WhiteElo "2579"]
[BlackElo "2455"]

1.c4 c5 2.Nf3 Nf6 3.Nc3 b6 4.g3 Bb7 5.Bg2 e6 6.O-O Be7 7.d4 cxd4 8.Qxd4 d6
9.Rd1 a6 10.Bg5 Nbd7 11.Qd2 Qc7 12.Bf4 e5 13.Bg5 O-O 14.Rac1 Rac8 15.b3 Qb8
16.Nh4 Bxg2 17.Nf5 Rfe8 18.Kxg2 b5 19.cxb5 axb5 20.Nd5 Nxd5 21.Rxc8 Qxc8
22.Qxd5 Bf8 23.Nxd6 Bxd6 24.Qxd6 Nf8 25.Qd5 Ne6 26.Be3 Rd8 27.Rc1 Qb8 28.Qc6 h6
29.a4 bxa4 30.bxa4 Qb2 31.Qb5 Qa3 32.a5 Ra8 33.Qxe5 Rxa5 34.Rc8+ Kh7 35.Qe4+ g6
36.Bd4 Nf8 37.Bc3  1-0

[Event "10th Battle of Senta 1697 Open"]
[Site "Senta SCG"]
[Date "2006.07.21"]
[Round "1"]
[White "Balatoni,G"]
[Black "Tatalovic,D"]
[Result "0-1"]
[WhiteElo "1993"]
[BlackElo "2273"]

1.c4 c5 2.Nc3 Nf6 3.Nf3 e6 4.d4 cxd4 5.Nxd4 b6 6.Bg5 Bb7 7.e3 Be7 8.f3 a6
9.a3 Qc7 10.Be2 d6 11.Rc1 Nbd7 12.b4 Rc8 13.O-O O-O 14.e4 Rfe8 15.Nb1 Qb8
16.Bd3 Bf8 17.Nd2 d5 18.exd5 Qe5 19.Bxf6 Nxf6 20.N2b3 exd5 21.Bf5 Rxc4 22.Re1 Rxc1  0-1

[Event "Czech Open A"]
[Site "Pardubice CZE"]
[Date "2006.07.22"]
[Round "2"]
[White "Baryshpolets,A"]
[Black "Voloshin,L"]
[Result "0-1"]
[WhiteElo "2251"]
[BlackElo "2432"]

1.Nf3 Nf6 2.c4 e6 3.Nc3 c5 4.g3 b6 5.Bg2 Bb7 6.O-O Be7 7.Re1 d6 8.e4 a6 9.d4 cxd4
10.Nxd4 Qc7 11.Be3 Nbd7 12.Rc1 O-O 13.f4 Rac8 14.f5 e5 15.Nd5 Qd8 16.Ne2 b5
17.cxb5 Bxd5 18.exd5 Ng4 19.Rxc8 Qxc8 20.Qd2 axb5 21.Rc1 Qb8 22.Rc6 b4 23.Nc1 Bd8
24.Kh1 Nxe3 25.Qxe3 Bb6 26.Qb3 Ba7 27.Rc4 Qb6 28.Qd1 Nf6 29.Nd3 Re8 30.Rxb4 Qe3
31.Rb3 e4 32.Nf4 Ng4 33.Nh3 Nf2+ 34.Nxf2 Qxf2 35.Qf1 Qd2 36.Rb7 e3 37.Bf3 e2
38.Bxe2 Rxe2 39.Rxa7 h6  0-1

[Event "Czech Open A"]
[Site "Pardubice CZE"]
[Date "2006.07.22"]
[Round "2"]
[White "Bogner,S"]
[Black "Bures,Vi"]
[Result "1-0"]
[WhiteElo "2314"]
[BlackElo "2209"]

1.Nf3 Nf6 2.c4 c5 3.Nc3 e6 4.e4 Nc6 5.Be2 e5 6.O-O d6 7.d3 Be7 8.Ne1 Nd4
9.f4 exf4 10.Bxf4 O-O 11.Nf3 Nxe2+ 12.Qxe2 Be6 13.h3 Nd7 14.Qf2 Ne5 15.Rad1 Nxf3+
16.Qxf3 Qd7 17.Qg3 Kh8 18.Rfe1 Rad8 19.Re2 a6 20.Rde1 Rfe8 21.Nd5 Bf8 22.Bg5 f6
23.Bf4 b5 24.b3 a5 25.Nc3 b4 26.Nb5 Qc6 27.Kh2 Qb6 28.a4 Bf7 29.Qf2 Re6 30.g4 Rde8
31.h4 Qb7 32.Qg3 Qc6 33.Re3 Kg8 34.Qf3 Rd8 35.Rg1 Kh8 36.Re2 Rde8 37.Reg2 Bg6
38.Qg3 Bf7 39.Bc1 Qd7 40.Bb2 Be7 41.Rf1 Bd8 42.Rf5 Bg6 43.Rd5 Be7 44.Qe3 Rd8
45.h5 Bf7 46.h6 Re5 47.hxg7+ Kg8 48.Bxe5 fxe5 49.Qh6 Bg6 50.Rf2 Qxg4 51.Nxd6 Qe6
52.Nf5 Re8 53.Nxe7+ Qxe7 54.Rf8+  1-0

[Event "10th Battle of Senta 1697 Open"]
[Site "Senta SCG"]
[Date "2006.07.22"]
[Round "2"]
[White "Katanic Vujic,P"]
[Black "Kolbert,E"]
[Result "1-0"]
[WhiteElo "2293"]
[BlackElo "2158"]

1.Nf3 c5 2.c4 Nf6 3.Nc3 b6 4.g3 Bb7 5.Bg2 g6 6.O-O Bg7 7.d4 O-O 8.d5 d6 9.e4 Na6
10.Re1 Nd7 11.Bf4 Ne5 12.Nxe5 dxe5 13.Be3 Nc7 14.a3 Qd6 15.Rb1 Ba6 16.Bf1 f5
17.f3 f4 18.Bf2 Qf6 19.g4 Rfd8 20.b4 Rac8 21.Qa4 Qd6 22.bxc5 bxc5 23.Qa5 h5
24.g5 Ne8 25.Na4 Rc7 26.Bxc5  1-0